WEEF & GEDC 2016 : The world engineering education forum & The global engineering deans council, 2016. November 6-11,2016, Seoul, Korea

Saved in:
Bibliographic Details
Corporate Author: The world engineering education forum & The global engineering deans council, 2016 Seoul, Korea (WEEF & GEDC 2016)
Format: Conference Proceeding Book
Language:English
Published: Seoul 2016
Edition:1. vyd.
Tags: Add Tag
No Tags, Be the first to tag this record!

MARC

LEADER 00000nam a22000003a 4500
001 0019325
003 SK-STU
005 20161202094750.6
007 ta
008 161202s ----xo-----e------100-0-----d
040 |a STU  |b slo 
041 0 |a eng 
044 |a ko 
111 2 |a The world engineering education forum & The global engineering deans council, 2016  |d 6.-10.11.2016  |c Seoul, Korea  |e WEEF & GEDC 2016 
245 1 0 |a WEEF & GEDC 2016 :  |h [elektronický zdroj]  |b The world engineering education forum & The global engineering deans council, 2016. November 6-11,2016, Seoul, Korea 
250 |a 1. vyd. 
260 |a Seoul  |c 2016 
996 |b 284M084564  |c M* CD-2622  |l MMKN  |s A  |a 24  |w 0019325_0001